000 00681nam a2200289Ia 4500
005 20260324150014.0
008 008 260324s9999 xx 000 0 eng d
020 _a9781003283522
037 _aEBOOK
040 _aCRL
040 _beng
040 _cCRL
041 _2eng
041 _aeng
084 _qCRL
100 _aVieda Skultans
_91204435
245 0 _aMadness and Morals
245 0 _bIdeas on Insanity in the Nineteenth Century
260 _bTaylor and Francis
260 _c1975
365 _a
365 _b170
856 _uhttp://www.taylorfrancis.com/books/9781003283522
942 _cEBOOK
999 _c1833664
_d1833664